| 000 | 00451nam a2200169 4500 | ||
|---|---|---|---|
| 003 | OSt | ||
| 008 | 241005b |||||||| |||| 00| 0 eng d | ||
| 020 | _a9789393468512 | ||
| 041 | _aeng | ||
| 082 |
_a420 _bMUK/AR |
||
| 100 |
_aMukkolakkal, Bitter C _96290 |
||
| 245 |
_aThe Art of English writing : _bfunctional writing- part 1 / |
||
| 250 | _a1st ed. | ||
| 260 |
_aThiruvananthapuram : _bChintha Publishers, _c2024. |
||
| 300 | _a280p. | ||
| 942 | _cBK | ||
| 999 |
_c18131 _d18131 |
||